Engineers and their profession / (Record no. 544761)
[ view plain ]
| 000 -LEADER | |
|---|---|
| fixed length control field | 00709cam a22002054a 4500 |
| 020 ## - INTERNATIONAL STANDARD BOOK NUMBER | |
| International Standard Book Number | 0195120574 |
| 082 00 - DEWEY DECIMAL CLASSIFICATION NUMBER | |
| Classification number | 620.0023 |
| Author Mark | KEM |
| -- | N-01, P-149 |
| 100 1# - MAIN ENTRY--PERSONAL NAME | |
| Personal name | Kemper, John Dustin. |
| 9 (RLIN) | 40486 |
| 245 10 - TITLE STATEMENT | |
| Title | Engineers and their profession / |
| Statement of responsibility, etc. | John D. Kemper, Billy R. Sanders. |
| 250 ## - EDITION STATEMENT | |
| Edition statement | 5th ed. |
| 260 ## - PUBLICATION, DISTRIBUTION, ETC. | |
| Place of publication, distribution, etc. | New York : |
| Name of publisher, distributor, etc. | Oxford University Press, |
| Date of publication, distribution, etc. | 2001. |
| 300 ## - PHYSICAL DESCRIPTION | |
| Extent | xiv, 346 p. : |
| Other physical details | ill. ; |
| Dimensions | 24 cm. |
| 526 ## - STUDY PROGRAM INFORMATION NOTE | |
| Program name | 0 |
| Interest level | 0 |
| Reading level | 0 |
| Title point value | 620_002300000000000_KEM |
| 650 #0 - SUBJECT ADDED ENTRY--TOPICAL TERM | |
| Topical term or geographic name entry element | Engineering. |
| 650 #0 - SUBJECT ADDED ENTRY--TOPICAL TERM | |
| Topical term or geographic name entry element | MCE |
| 9 (RLIN) | 379 |
| 700 1# - ADDED ENTRY--PERSONAL NAME | |
| Personal name | Sanders, Billy R. |
| 9 (RLIN) | 40487 |
| 856 41 - ELECTRONIC LOCATION AND ACCESS | |
| Uniform Resource Identifier | <a href="http://www.loc.gov/catdir/enhancements/fy0610/00027882-t.html">http://www.loc.gov/catdir/enhancements/fy0610/00027882-t.html</a> |
| 856 42 - ELECTRONIC LOCATION AND ACCESS | |
| Uniform Resource Identifier | <a href="http://www.loc.gov/catdir/enhancements/fy0610/00027882-d.html">http://www.loc.gov/catdir/enhancements/fy0610/00027882-d.html</a> |
| 942 ## - ADDED ENTRY ELEMENTS (KOHA) | |
| Source of classification or shelving scheme | |
| Koha item type | Book |
| Withdrawn status | Lost status | Source of classification or shelving scheme | Damaged status | Not for loan | Permanent Location | Current Location | Date acquired | Total Checkouts | Total Renewals | Full call number | Barcode | Date last seen | Date last checked out | Price effective from | Koha item type |
|---|---|---|---|---|---|---|---|---|---|---|---|---|---|---|---|
| Military College of Engineering (MCE) | Military College of Engineering (MCE) | 05/12/2014 | 2 | 1 | 620.0023 KEM | MCE-38985 | 12/22/2017 | 10/18/2017 | 05/12/2014 | Book |
